000 00574cam a2200193ua 4500
001 12288
005 20260515114847.0
008 120824n ii |||gr||||Z||||||asm
020 _a9789382680123
040 _cMAIN
082 _a891.4514
100 _aRanjit Kumar Dev Goswami,
_eEditor.
245 _aAsamiya sahityar buranji :
_bPart V /
_cEd by Ranjit Kumar Dev Goswami .
250 _a1st ed /
_bV.V.
260 _aGuwahati:
_bAnundoram Borooah institute of language,
_c2015.
300 _a840p.
653 _aEast Indo-European & Celtic literatures
942 _cBK
999 _c11030
_d11030